| 000 | 00373nam a2200121Ia 4500 | ||
|---|---|---|---|
| 008 | 250110s9999 xx 000 0 und d | ||
| 041 | _aeng | ||
| 100 |
_aKhutal V. _9182049 |
||
| 245 | _aLandscape Master Plan For National Fossil Park Mandla : Madhya Pradesh | ||
| 260 |
_bM Arch Landscape, Pune _c2009 |
||
| 300 | _a127p | ||
| 700 |
_aGuide Name:Sahastrabuddhe Swati _9209696 |
||
| 999 |
_c362886 _d362886 |
||